[Event "Landesliga N Bayern 9596"]
[Site "GER"]
[Date "1995.??.??"]
[Round "?"]
[White "Aulinger, Reimund"]
[Black "Kreuzer, Gerhard"]
[Result "0-1"]
[WhiteElo "2100"]
[BlackElo "2110"]
[PlyCount "82"]
[EventDate "1995.10.??"]
[Source "www.chesslib.no"]
[SourceDate "2004.05.04"]

1. d4 Nf6 2. c4 c5 3. d5 e6 4. Nc3 exd5 5. cxd5 d6 6. Nf3 g6 7. Nd2 Bg7 8. Nc4 O-O 9. Bf4 Ne8 10. a4 g5 11. Bd2 Qe7 12. h4 g4 13. Bf4 Na6 14. e3 Nb4 15. Be2 Bf5 16. Rc1 Rd8 17. f3 gxf3 18. gxf3 Nf6 19. Rg1 Kh8 20. e4 Nxe4 21. Nxe4 Bxe4 22. fxe4 Qxh4+ 23. Bg3 Qxe4 24. Kf1 Bd4 25. Bf3 Qf5 26. Kg2 Rg8 27. Qd2 Rxg3+ 28. Kxg3 Rg8+ 29. Kh2 Bxg1+ 30. Rxg1 Rxg1 31. Kxg1 Qxf3 32. Qh6 Qg3+ 33. Kf1 Kg8 34. Nxd6 Nxd5 35. Nxb7 Ne3+ 36. Ke2 Nf5 37. Qf6 Qg2+ 38. Kd3 Qf3+ 39. Kd2 Qf2+ 40. Kc1 Qe1+ 41. Kc2 Nd4+ 0-1

[Event "FRA-chT U20 0203"]
[Site "?"]
[Date "2003.01.03"]
[Round "4.2"]
[White "Boukobza Adrien"]
[Black "Verot Melanie"]
[Result "1/2-1/2"]
[WhiteElo "2046"]
[BlackElo "2044"]
[PlyCount "51"]
[EventDate "2003.??.??"]
[Source "www.chesslib.no"]
[SourceDate "2004.05.04"]

1. d4 Nf6 2. c4 c5 3. d5 e6 4. Nc3 exd5 5. cxd5 d6 6. Nf3 g6 7. Nd2 Na6 8. e4 Nc7 9. a4 b6 10. Be2 Bg7 11. O-O O-O 12. f3 Rb8 13. Nc4 Ba6 14. Be3 Bxc4 15. Bxc4 Nd7 16. Qc2 Ne5 17. Nb5 Na6 18. Nxa7 Nb4 19. Qe2 Ra8 20. Nb5 Nxc4 21. Qxc4 Bxb2 22. Rab1 Bf6 23. Bf4 Be7 24. Nd4 Bf6 25. Nb5 Be7 26. Nd4 1/2-1/2

[Event "West Ryde"]
[Site "?"]
[Date "2004.??.??"]
[Round "5"]
[White "Harp Joel"]
[Black "Ginat Michael"]
[Result "1-0"]
[WhiteElo "1906"]
[BlackElo "2156"]
[PlyCount "69"]
[EventDate "2004.??.??"]
[Source "www.chesslib.no"]
[SourceDate "2004.05.04"]

1. d4 Nf6 2. c4 c5 3. d5 e6 4. Nc3 exd5 5. cxd5 d6 6. Nf3 g6 7. Nd2 Bg7 8. Nc4 O-O 9. Bg5 h6 10. Bh4 Na6 11. e3 Nc7 12. a4 b6 13. Be2 Ba6 14. O-O Qd7 15. Bg3 Nfe8 16. Qd2 Rd8 17. e4 Bb7 18. f4 f5 19. exf5 gxf5 20. Bf3 Nf6 21. Rfe1 Rde8 22. h3 Ba6 23. Ne3 Kh8 24. Qc2 Ne4 25. Nxe4 fxe4 26. Bxe4 Bd4 27. Kh2 Qg7 28. Nf5 Rxf5 29. Bxf5 Rg8 30. Ra3 Bxb2 31. Rb3 Bd4 32. Be6 Nxe6 33. Rxe6 c4 34. Rf3 Bc5 35. Bh4 1-0

[Event "9. DMP I II szach"]
[Site "Lima IX DMP I II szach"]
[Date "1992.??.??"]
[Round "?"]
[White "Kleszarski, T."]
[Black "Daciuk, S."]
[Result "0-1"]
[WhiteElo "2000"]
[BlackElo "2000"]
[PlyCount "50"]
[EventDate "1992.??.??"]
[Source "www.chesslib.no"]
[SourceDate "2004.05.04"]

1. d4 Nf6 2. c4 c5 3. d5 e6 4. Nc3 exd5 5. cxd5 d6 6. Nf3 g6 7. Nd2 Bg7 8. Nc4 O-O 9. Bf4 Na6 10. Nxd6 Nh5 11. Qd2 Nb4 12. Nxc8 Nxf4 13. a3 Nbxd5 14. Nxd5 Nxd5 15. Qxd5 Bxb2 16. e3 Bxa1 17. Nd6 Qa5+ 18. Ke2 Rad8 19. Kf3 Qb6 20. Qa2 Qxd6 21. Qxa1 Qd1+ 22. Be2 Qxa1 23. Rxa1 Rd2 24. a4 Rc8 25. Rc1 Rc6 0-1

[Event "Caorle Open"]
[Site "Caorle ITA"]
[Date "1984.??.??"]
[Round "2"]
[White "Mira, Helene"]
[Black "Rorato, Renzo"]
[Result "1/2-1/2"]
[WhiteElo "2000"]
[BlackElo "1900"]
[PlyCount "50"]
[EventDate "1984.??.??"]
[Source "www.chesslib.no"]
[SourceDate "2004.05.04"]

1. d4 Nf6 2. c4 c5 3. d5 e6 4. Nc3 exd5 5. cxd5 d6 6. Nf3 g6 7. Nd2 Bg7 8. Nc4 O-O 9. Bf4 b6 10. Bxd6 Re8 11. Bg3 Ne4 12. Nxe4 Rxe4 13. e3 b5 14. Nd6 Rb4 15. Nxc8 Rxb2 16. Be2 Bc3+ 17. Kf1 Qxc8 18. Rb1 Rd2 19. Qb3 b4 20. f3 Qd7 21. e4 Rxe2 22. Kxe2 Qb5+ 23. Ke3 Bd4+ 24. Kd2 Bc3+ 25. Ke3 Bd4+ 1/2-1/2

[Event "Corr"]
[Site "?"]
[Date "2002.12.30"]
[Round "?"]
[White "Kwik Tongsoen"]
[Black "Daurelle Herve"]
[Result "1/2-1/2"]
[WhiteElo "1400"]
[BlackElo "2359"]
[PlyCount "23"]
[EventDate "2002.??.??"]
[Source "www.chesslib.no"]
[SourceDate "2004.05.04"]

1. d4 Nf6 2. c4 c5 3. d5 e6 4. Nc3 exd5 5. cxd5 d6 6. Nf3 g6 7. Nd2 Nbd7 8. Nc4 Nb6 9. e4 Bg7 10. Qb3 Nxc4 11. Bxc4 O-O 12. O-O 1/2-1/2

[Event "Corr"]
[Site "?"]
[Date "2002.08.27"]
[Round "?"]
[White "Sala Stefano"]
[Black "Benedicto Maria Clara"]
[Result "0-1"]
[WhiteElo "1590"]
[BlackElo "1308"]
[PlyCount "70"]
[EventDate "2002.??.??"]
[Source "www.chesslib.no"]
[SourceDate "2004.05.04"]

1. d4 Nf6 2. c4 c5 3. d5 e6 4. Nc3 exd5 5. cxd5 d6 6. Nf3 g6 7. Nd2 Bg7 8. Nc4 O-O 9. Bg5 h6 10. Bf4 Ne8 11. Qd2 g5 12. Bg3 a6 13. a4 f5 14. h4 f4 15. Bh2 Qf6 16. Nb6 Nc7 17. hxg5 hxg5 18. Nxa8 Nxa8 19. e4 Nd7 20. Be2 Ne5 21. O-O-O g4 22. Qc2 Bd7 23. f3 g3 24. Bg1 b5 25. axb5 axb5 26. Bxb5 Bxb5 27. Nxb5 Rb8 28. Nc3 Nb6 29. Qb3 Qd8 30. Qa2 Ra8 31. Qb1 Nbc4 32. Rh5 Rb8 33. b3 Na5 34. Qa2 Rxb3 35. Ne2 Nec4 0-1